Volkswirtschaftslehre 3 Makroökonomik
Enregistré dans:
| Auteur principal: | |
|---|---|
| Format: | Livre |
| Langue: | allemand |
| Publié: |
Berlin
Springer
1987
|
| Édition: | 2. völlig überarb. Aufl. |
| Collection: | Heidelberger Taschenbücher
Bd.158 |
| Sujets: | |
| Tags: |
Pas de tags, Soyez le premier à ajouter un tag!
|
MARC
| LEADER | 00000nam a2200000 4500 | ||
|---|---|---|---|
| 001 | c010372 | ||
| 005 | 20221221074808.4 | ||
| 020 | |a 3-540-18172-5 | ||
| 041 | 0 | |a ger | |
| 044 | |a DE | ||
| 245 | 1 | 0 | |a Volkswirtschaftslehre 3 |b Makroökonomik |c Alfred Stobbe |
| 250 | |a 2. völlig überarb. Aufl. | ||
| 264 | 1 | |a Berlin |b Springer |c 1987 | |
| 300 | |a 394 s. | ||
| 490 | 1 | |a Heidelberger Taschenbücher |v Bd.158 | |
| 830 | 0 | |a Heidelberger Taschenbücher |v Bd.158 | |
| 610 | 2 | 0 | |a hospodárstvo národné |
| 610 | 2 | 0 | |a makroekonomika |
| 610 | 2 | 0 | |a modely |
| 610 | 2 | 0 | |a peniaze |
| 610 | 2 | 0 | |a úver |
| 610 | 2 | 0 | |a politika zamestnanosti |
| 610 | 2 | 0 | |a konjunktúra |
| 100 | 1 | |a Stobbe, Alfred | |